Posouzení kvality života v regionech České republiky

Ekonomické, sociálne a environmentálne podmienky ako základné predpoklady pre kvalitný život. Analýza ukazovateľov kvality života v regiónoch Českej republiky za sledované obdobie (2000-2010). Zvolené ukazovatele: čistý disponibilný dôchodok na obyvateľa, emisie oxidu siričitého, počet lekárov na 1...

Description complète

Enregistré dans:
Détails bibliographiques
Auteur principal: Měrtlová, Libuše
Autres auteurs: Vojáčková, Hana
Format: Chapitre de livre
Langue:tchèque
Sujets:
Tags: Ajouter un tag
Pas de tags, Soyez le premier à ajouter un tag!

MARC

LEADER 00000nla a2200000 4500
001 0166257
005 20220729111352.5
041 0 |a cze 
044 |a CZ 
245 1 0 |a Posouzení kvality života v regionech České republiky  |c Libuše Měrtlová, Hana Vojáčková 
520 |a Ekonomické, sociálne a environmentálne podmienky ako základné predpoklady pre kvalitný život. Analýza ukazovateľov kvality života v regiónoch Českej republiky za sledované obdobie (2000-2010). Zvolené ukazovatele: čistý disponibilný dôchodok na obyvateľa, emisie oxidu siričitého, počet lekárov na 1 000 obyvateľov, počet lôžok v nemocniciach, priemerná výška dôchodkov a počet dôchodcov. Poradie krajov podľa jednotlivých ukazovateľov. 
610 2 0 |a kvalita života 
610 2 0 |a regióny 
610 2 0 |a kraje 
610 2 0 |a politika regionálna 
610 2 0 |a podmienky sociálne 
610 2 0 |a dôchodky 
610 2 0 |a dôchodcovia 
610 2 0 |a lekári 
610 2 0 |a emisie 
610 2 0 |a analýzy 
610 2 0 |a Česko 
100 1 |a Měrtlová, Libuše 
700 1 |a Vojáčková, Hana